[Event "Barcelona Sant Marti op 11th"]
[Site "Barcelona"]
[Date "2024.02.29"]
[Round "8"]
[White "Bezzi, Alessio"]
[Black "Daunis Diaz De Quijano, Guillermo"]
[Result "1-0"]
[WhiteElo "1838"]
[BlackElo "1601"]
[PlyCount "34"]
[EventDate "2024.01.11"]
[EventType "swiss"]
[EventRounds "9"]
[EventCountry "ESP"]
[SourceTitle "CB11_2024"]
[SourceDate "2024.03.13"]
[SourceVersion "1"]
[SourceVersionDate "2024.03.13"]
[SourceQuality "1"]

1. e4 c6 2. Nc3 d5 3. Qf3 Nf6 4. e5 Nfd7 5. Qg3 e6 6. d4 Qb6 7. Nf3 c5 8. dxc5 Nxc5 9. Be2 g6 10. 0-0 Bg7 11. h4 h6 12. Be3 Qc7 13. Nb5 Qc6 14. Nd6+ Ke7 15. Nd4 Qb6 16. b4 Qxb4 17. Rab1 Qa3 1-0

[Event "Barcelona Sant Marti op 11th"]
[Site "Barcelona"]
[Date "2024.01.11"]
[Round "1"]
[White "Fernandez Cardenete, Alejandro"]
[Black "Bezzi, Alessio"]
[Result "0-1"]
[WhiteElo "1512"]
[BlackElo "1838"]
[PlyCount "94"]
[EventDate "2024.01.11"]
[EventType "swiss"]
[EventRounds "9"]
[EventCountry "ESP"]
[SourceTitle "CB11_2024"]
[SourceDate "2024.03.13"]
[SourceVersion "1"]
[SourceVersionDate "2024.03.13"]
[SourceQuality "1"]

1. c4 e5 2. g3 Nf6 3. Bg2 d5 4. cxd5 Nxd5 5. Nc3 Nb6 6. Nf3 Nc6 7. 0-0 Be7 8. d3 0-0 9. a3 Be6 10. Rb1 f6 11. Qc2 Qd7 12. Ne4 Nd4 13. Nxd4 exd4 14. Nc5 Bxc5 15. Qxc5 c6 16. Bd2 Rfe8 17. Rfe1 Bg4 18. f3 Be6 19. Bb4 Rad8 20. Ba5 Ba2 21. Ra1 Re5 22. Qb4 Rb5 23. Qd2 Bf7 24. a4 Re5 25. Bxb6 axb6 26. f4 Re3 27. Rf1 Rde8 28. Rae1 Qe7 29. Bf3 Bb3 30. a5 Qc5 31. axb6 Qxb6 32. Ra1 Bd5 33. Bxd5+ cxd5 34. Rf2 Qe6 35. Re1 Qg4 36. Kg2 h5 37. Rf3 h4 38. h3 Qg6 39. f5 Qg5 40. g4 g6 41. Qc2 Rxf3 42. Kxf3 Qe3+ 43. Kg2 Qg3+ 44. Kf1 Qxh3+ 45. Kf2 Qg3+ 46. Kf1 Qf4+ 47. Kg2 Qxg4+ 0-1

[Event "Barcelona Sant Marti op-B 23rd"]
[Site "Barcelona"]
[Date "2023.07.20"]
[Round "8"]
[White "Bezzi, Alessio"]
[Black "Julia Yebra, David"]
[Result "1-0"]
[WhiteElo "1783"]
[BlackElo "1777"]
[PlyCount "101"]
[EventDate "2023.07.13"]
[EventType "swiss"]
[EventRounds "9"]
[EventCountry "ESP"]
[SourceTitle "CBM 215 Extra"]
[Source "ChessBase"]
[SourceDate "2023.09.30"]
[SourceVersion "1"]
[SourceVersionDate "2023.09.30"]
[SourceQuality "1"]

1. e4 d6 2. d4 Nf6 3. Nc3 g6 4. h3 Bg7 5. g4 c6 6. Bg2 Qa5 7. Nge2 b5 8. 0-0 e5 9. dxe5 dxe5 10. Qd6 Nfd7 11. Bg5 Bf8 12. Qd2 f6 13. Bh6 Qb4 14. Bxf8 Qxf8 15. g5 Nb6 16. Rad1 N8d7 17. b3 Qe7 18. gxf6 Nxf6 19. Ng3 Bd7 20. a4 bxa4 21. Nxa4 0-0 22. Qa5 Nxa4 23. Qxa4 a6 24. Rd3 h5 25. Qc4+ Be6 26. Qxc6 Rfc8 27. Qd6 Qf7 28. Rd2 Rd8 29. Qb4 h4 30. Ne2 Nh5 31. Rfd1 Rf8 32. Qb6 Rae8 33. Rd8 Qe7 34. R8d6 Ng7 35. Qe3 Rc8 36. c4 Rb8 37. Rxa6 Rfd8 38. Rda1 Rd7 39. Ra8 Rxa8 40. Rxa8+ Kh7 41. Nc3 Nh5 42. Nd5 Bxd5 43. exd5 Nf4 44. Kh2 Qf6 45. Bf3 Rf7 46. Ra7 Rxa7 47. Qxa7+ Kh6 48. Qe3 g5 49. Be4 Qa6 50. Qc5 Qa1 51. Qf8+ 1-0

[Event "Barcelona Sant Marti op-B 23rd"]
[Site "Barcelona"]
[Date "2023.07.16"]
[Round "4"]
[White "Bezzi, Alessio"]
[Black "Pujal Moncho, Joaquim"]
[Result "1-0"]
[WhiteElo "1783"]
[BlackElo "1670"]
[PlyCount "43"]
[EventDate "2023.07.13"]
[EventType "swiss"]
[EventRounds "9"]
[EventCountry "ESP"]
[SourceTitle "CBM 215 Extra"]
[Source "ChessBase"]
[SourceDate "2023.09.30"]
[SourceVersion "1"]
[SourceVersionDate "2023.09.30"]
[SourceQuality "1"]

1. e4 d5 2. exd5 Qxd5 3. Nc3 Qa5 4. Rb1 c6 5. b4 Qc7 6. g3 Nf6 7. Bg2 e6 8. Nf3 Be7 9. 0-0 0-0 10. Re1 Nbd7 11. d3 Nb6 12. Bf4 Qd8 13. Bd2 Nbd5 14. Na4 Bd7 15. Ne5 b5 16. Nc5 Bxc5 17. bxc5 Be8 18. c4 bxc4 19. dxc4 Ne7 20. Rb7 Nd7 21. Nxd7 Bxd7 22. Bg5 1-0

[Event "Barcelona Sant Marti op-B 23rd"]
[Site "Barcelona"]
[Date "2023.07.15"]
[Round "3"]
[White "Calafell Marques, Josep"]
[Black "Bezzi, Alessio"]
[Result "0-1"]
[WhiteElo "1630"]
[BlackElo "1783"]
[PlyCount "86"]
[EventDate "2023.07.13"]
[EventType "swiss"]
[EventRounds "9"]
[EventCountry "ESP"]
[SourceTitle "CBM 215 Extra"]
[Source "ChessBase"]
[SourceDate "2023.09.30"]
[SourceVersion "1"]
[SourceVersionDate "2023.09.30"]
[SourceQuality "1"]

1. e4 c6 2. d4 d5 3. exd5 cxd5 4. Bd3 Nc6 5. c3 g6 6. Nf3 Bg7 7. 0-0 Nh6 8. Ne5 0-0 9. Bf4 Kh8 10. Nd2 f6 11. Nxc6 bxc6 12. Re1 Nf7 13. Qa4 e5 14. dxe5 fxe5 15. Bg3 Qb6 16. Qb3 Qc5 17. Qd1 a5 18. Rc1 Bd7 19. b3 Qa7 20. Kh1 e4 21. Bb1 Nh6 22. f4 Ng4 23. Qe2 Rae8 24. h3 Nh6 25. Bf2 Qb8 26. Bg3 Nf5 27. Bh2 Qa7 28. Nf1 a4 29. b4 Bc8 30. Ng3 Ba6 31. Qd1 Ne3 32. Qxa4 Nxg2 33. Bg1 Qa8 34. Bc5 Nxe1 35. Bxf8 Rxf8 36. Rxe1 Qc8 37. Kg2 Rxf4 38. Qc2 Rh4 39. Rh1 Bd3 40. Qc1 Bxb1 41. Qg5 Rh6 42. h4 Bd3 43. h5 Qf8 0-1